[Event "POHÁR města Říčany 2023"]
[Site "Městské kulturní středisko U labutě"]
[Date "2023.08.27"]
[Round "3.12"]
[White "Rajnys, Vladimir"]
[Black "Maslo, Ondrej"]
[Result "1-0"]
[WhiteFideId "308200"]
[BlackFideId "368440"]
[WhiteElo "2025"]
[BlackElo "1848"]
[PlyCount "0"]
[EventDate "2023.08.26"]

1. e4 {[%clk 01:30:58]} c5 {[%clk 01:30:47]} {[%emt 00:00:14]} 2. Nc3 {[%clk
01:31:20]} {[%emt 00:00:07]} Nc6 {[%clk 01:30:59]} {[%emt 00:00:19]} 3. g3
{[%clk 01:31:31]} {[%emt 00:00:18]} g6 {[%clk 01:31:24]} {[%emt 00:00:05]} 4.
Bg2 {[%clk 01:31:57]} {[%emt 00:00:04]} Bg7 {[%clk 01:31:46]} {[%emt 00:00:08]}
5. d3 {[%clk 01:32:19]} {[%emt 00:00:07]} Nf6 {[%clk 01:28:41]} {[%emt
00:03:35]} 6. Be3 {[%clk 01:29:38]} {[%emt 00:03:11]} d6 {[%clk 01:28:43]}
{[%emt 00:00:30]} 7. h3 {[%clk 01:29:08]} {[%emt 00:01:00]} O-O {[%clk
01:27:36]} {[%emt 00:01:37]} 8. Qd2 {[%clk 01:28:36]} {[%emt 00:01:03]} Qb6
{[%clk 01:15:33]} {[%emt 00:12:33]} 9. Nd1 {[%clk 01:26:06]} {[%emt 00:02:59]}
Re8 {[%clk 00:58:28]} {[%emt 00:17:35]} 10. Bh6 {[%clk 01:25:44]} {[%emt
00:00:51]} Bxh6 {[%clk 00:52:56]} {[%emt 00:06:03]} 11. Qxh6 {[%clk 01:26:06]}
{[%emt 00:00:07]} d5 {[%clk 00:53:06]} {[%emt 00:00:21]} 12. c3 {[%clk
01:17:26]} {[%emt 00:09:09]} dxe4 {[%clk 00:44:04]} {[%emt 00:09:33]} 13. dxe4
{[%clk 01:17:04]} {[%emt 00:00:52]} Ne5 {[%clk 00:44:18]} {[%emt 00:00:16]} 14.
Qe3 {[%clk 01:11:02]} {[%emt 00:06:31]} Rd8 {[%clk 00:31:21]} {[%emt 00:13:28]}
15. Bf1 {[%clk 01:08:07]} {[%emt 00:03:25]} Qd6 {[%clk 00:24:34]} {[%emt
00:07:16]} 16. f4 {[%clk 01:02:04]} {[%emt 00:06:33]} Nd3+ {[%clk 00:19:00]}
{[%emt 00:06:05]} 17. Ke2 {[%clk 00:48:03]} {[%emt 00:14:30]} Bg4+ {[%clk
00:10:08]} {[%emt 00:09:22]} 18. Nf3 {[%clk 00:41:33]} {[%emt 00:07:00]} Nxe4
{[%clk 00:05:26]} {[%emt 00:05:12]} 19. Qxe4 {[%clk 00:37:51]} {[%emt
00:04:11]} Nc1+ {[%clk 00:02:49]} {[%emt 00:03:08]} 20. Kf2 {[%clk 00:32:01]}
{[%emt 00:06:20]} Bxf3 {[%clk 00:01:41]} {[%emt 00:01:38]} 21. Qxf3 {[%clk
00:31:27]} {[%emt 00:01:03]} Qxd1 {[%clk 00:01:56]} {[%emt 00:00:16]} 22. Be2
{[%clk 00:26:55]} {[%emt 00:05:02]} Nd3+ {[%clk 00:00:55]} {[%emt 00:01:31]} 23.
Bxd3 {[%clk 00:17:31]} {[%emt 00:09:53]} Qxf3+ {[%clk 00:01:12]} {[%emt
00:00:14]} 24. Kxf3 {[%clk 00:17:50]} {[%emt 00:00:11]} Rxd3+ {[%clk 00:01:40]}
{[%emt 00:00:02]} 25. Kg4 {[%clk 00:17:06]} {[%emt 00:01:14]} Rad8 {[%clk
00:02:09]} {[%emt 00:00:02]} 26. Rhe1 {[%clk 00:15:28]} {[%emt 00:02:08]} e6
{[%clk 00:02:21]} {[%emt 00:00:18]} 27. Re2 {[%clk 00:14:57]} {[%emt 00:01:01]}
Kg7 {[%clk 00:02:20]} {[%emt 00:00:31]} 28. h4 {[%clk 00:14:41]} {[%emt
00:00:46]} h5+ {[%clk 00:02:00]} {[%emt 00:00:51]} 29. Kh3 {[%clk 00:15:00]}
{[%emt 00:00:09]} Rf3 {[%clk 00:02:07]} {[%emt 00:00:23]} 30. Rg1 {[%clk
00:14:34]} {[%emt 00:00:56]} b6 {[%clk 00:01:59]} {[%emt 00:00:40]} 31. Rgg2
{[%clk 00:14:52]} {[%emt 00:00:11]} Rdd3 {[%clk 00:01:29]} {[%emt 00:01:00]} 32.
Rd2 {[%clk 00:14:44]} {[%emt 00:00:38]} c4 {[%clk 00:01:02]} {[%emt 00:00:58]}
33. Rxd3 {[%clk 00:13:54]} {[%emt 00:01:19]} cxd3 {[%clk 00:00:42]} {[%emt
00:00:50]} 34. Rd2 {[%clk 00:14:08]} {[%emt 00:00:15]} Rf1 {[%clk 00:00:41]}
{[%emt 00:00:32]} 35. Kg2 {[%clk 00:14:15]} {[%emt 00:00:23]} Rc1 {[%clk
00:00:46]} {[%emt 00:00:25]} 36. Kf2 {[%clk 00:14:33]} {[%emt 00:00:11]} Kf6
{[%clk 00:00:53]} {[%emt 00:00:24]} 37. Ke3 {[%clk 00:13:27]} {[%emt 00:01:36]}
Rc2 {[%clk 00:01:06]} {[%emt 00:00:18]} 38. Kxd3 {[%clk 00:13:03]} {[%emt
00:00:53]} Rxd2+ {[%clk 00:01:13]} {[%emt 00:00:24]} 39. Kxd2 {[%clk 00:13:31]}
{[%emt 00:00:02]} Kf5 {[%clk 00:01:34]} {[%emt 00:00:09]} 40. Ke3 {[%clk
00:13:36]} {[%emt 00:00:24]} Kg4 {[%clk 00:01:51]} {[%emt 00:00:13]} 41. Kf2
{[%clk 00:13:56]} {[%emt 00:00:09]} f6 {[%clk 00:02:14]} {[%emt 00:00:08]} 42.
c4 {[%clk 00:13:08]} {[%emt 00:01:18]} g5 {[%clk 00:00:44]} {[%emt 00:01:59]}
43. fxg5 {[%clk 00:10:49]} {[%emt 00:02:49]} fxg5 {[%clk 00:00:57]} {[%emt
00:00:17]} 44. hxg5 {[%clk 00:11:09]} {[%emt 00:00:09]} Kxg5 {[%clk 00:01:20]}
{[%emt 00:00:08]} 45. b4 {[%clk 00:08:40]} {[%emt 00:02:59]} Kf5 {[%clk
00:01:16]} {[%emt 00:00:34]} 46. Ke3 {[%clk 00:08:46]} {[%emt 00:00:24]} Ke5
{[%clk 00:01:29]} {[%emt 00:00:18]} 47. Kd3 {[%clk 00:09:04]} {[%emt 00:00:11]}
a6 {[%clk 00:01:16]} {[%emt 00:00:43]} 48. a3 {[%clk 00:07:57]} {[%emt
00:01:37]} a5 {[%clk 00:00:43]} {[%emt 00:01:03]} 49. Ke3 {[%clk 00:05:12]}
{[%emt 00:03:14]} a4 {[%clk 00:00:42]} {[%emt 00:00:31]} 50. Kd3 {[%clk
00:05:10]} {[%emt 00:00:32]} Kf5 {[%clk 00:00:33]} {[%emt 00:00:40]} 51. Kd4
{[%clk 00:04:50]} {[%emt 00:00:49]} e5+ {[%clk 00:00:43]} {[%emt 00:00:21]} 52.
Kd5 {[%clk 00:05:10]} {[%emt 00:00:09]} h4 {[%clk 00:00:32]} {[%emt 00:00:42]}
53. gxh4 {[%clk 00:04:36]} {[%emt 00:01:03]} e4 {[%clk 00:00:56]} {[%emt
00:00:07]} 54. c5 {[%clk 00:02:38]} {[%emt 00:02:27]} bxc5 {[%clk 00:01:18]}
{[%emt 00:00:08]} 55. bxc5 {[%clk 00:03:02]} {[%emt 00:00:06]} e3 {[%clk
00:01:39]} {[%emt 00:00:09]} 56. c6 {[%clk 00:03:27]} {[%emt 00:00:05]} e2
{[%clk 00:02:00]} {[%emt 00:00:08]} 57. c7 {[%clk 00:03:53]} {[%emt 00:00:04]}
e1=Q {[%clk 00:02:25]} {[%emt 00:00:05]} 58. c8=Q {[%clk 00:04:18]} {[%emt
00:00:05]} Kf6 {[%clk 00:01:53]} {[%emt 00:01:01]} 59. Qf8+ {[%clk 00:03:23]}
{[%emt 00:01:26]} Kg6 {[%clk 00:02:10]} {[%emt 00:00:12]} 60. Qg8+ {[%clk
00:03:16]} {[%emt 00:00:38]} Kf6 {[%clk 00:01:52]} {[%emt 00:00:47]} 61. Qg5+
{[%clk 00:03:19]} {[%emt 00:00:28]} Kf7 {[%clk 00:02:11]} {[%emt 00:00:10]} 62.
Qf5+ {[%clk 00:03:35]} {[%emt 00:00:15]} 1-0

[Event "POHÁR města Říčany 2023"]
[Site "Městské kulturní středisko U labutě"]
[Date "2023.08.27"]
[Round "3.13"]
[White "Pisar, Tomas"]
[Black "Pecka, Jan"]
[Result "1/2-1/2"]
[WhiteElo "1861"]
[BlackElo "2004"]
[WhiteFideId "23701501"]
[BlackFideId "23712520"]
[PlyCount "0"]
[EventDate "2023.08.26"]

1. d4 Nf6 2. Nf3 d5 3. g3 b5 4. Bg2 e6 5. O-O Bd6 6. b3 b4 7. Bb2 Bb7 8. c4
bxc3 9. Nxc3 O-O 10. Rc1 a6 11. Na4 Nbd7 12. Nc5 Qb8 13. Ne1 c6 14. Ned3 Re8
15. Qc2 Bc8 16. Nxd7 Bxd7 17. f3 Rc8 18. e4 Ne8 19. e5 Be7 20. f4 a5 21. Nc5
Bxc5 22. Qxc5 Qb4 23. Rf2 Nc7 24. Bf1 Na6 25. Bxa6 Rxa6 26. Ba3 Qxc5 27. Bxc5
Rb8 28. Rfc2 1/2-1/2

[Event "POHÁR města Říčany 2023"]
[Site "Městské kulturní středisko U labutě"]
[Date "2023.08.27"]
[Round "3.14"]
[White "Popov, Roman"]
[Black "Strnadova, Monika"]
[Result "1-0"]
[WhiteElo "1925"]
[BlackElo "1833"]
[WhiteFideId "23732580"]
[BlackFideId "23701668"]
[PlyCount "0"]
[EventDate "2023.08.26"]

1. d4 Nf6 2. c4 e5 3. dxe5 Ng4 4. Nh3 Nxe5 5. e4 Bb4+ 6. Bd2 Bxd2+ 7. Qxd2 O-O
8. Be2 d6 9. Nf4 Nbc6 10. O-O f5 11. exf5 Bxf5 12. Nc3 Qg5 13. Rad1 Bg4 14. Nfd5
Qg6 15. f4 Nf7 16. Nxc7 Rac8 17. N7d5 Rfe8 18. Rde1 Nh6 19. Bxg4 Qxg4 20. Ne4
Qg6 21. f5 Nxf5 22. Nf4 Qf7 23. Qd5 Qxd5 24. Nxd5 Ncd4 25. g4 Nh4 26. Nef6+ gxf6
27. Nxf6+ 1-0

[Event "POHÁR města Říčany 2023"]
[Site "Městské kulturní středisko U labutě"]
[Date "2023.08.27"]
[Round "3.15"]
[White "Walek, Petr"]
[Black "Sadil, Antonin"]
[Result "1-0"]
[WhiteElo "2219"]
[BlackElo "1774"]
[WhiteFideId "339393"]
[BlackFideId "23735597"]
[PlyCount "0"]
[EventDate "2023.08.26"]

1. e4 e5 2. Nf3 Nc6 3. Bb5 a6 4. Ba4 Nf6 5. O-O Be7 6. Re1 b5 7. Bb3 O-O 8. a4
b4 9. d4 d6 10. dxe5 Nxe5 11. Nxe5 dxe5 12. Qe2 a5 13. Bg5 Bc5 14. Bd5 Ra6
15. Nd2 Rd6 16. Rad1 Ba6 17. Bc4 Bxc4 18. Nxc4 Rxd1 19. Rxd1 Qa8 20. Bxf6 gxf6
21. Qg4+ Kh8 22. Qf5 Qa6 23. Rd3 Qe6 24. Rd5 Qxf5 25. exf5 Bb6 26. Kf1 Kg7
27. b3 Rc8 28. h4 Kf8 29. Ke2 Ke7 30. Rb5 Ra8 31. Nxb6 cxb6 32. Rxb6 Rc8
33. Rb7+ Kf8 34. Kd2 Rd8+ 35. Kc1 Rc8 36. Rb5 Ra8 37. Kd2 Rd8+ 38. Kc1 Ra8
39. Rd5 Ke7 40. Kd2 h5 41. Kd3 Ra6 42. g3 Ra8 43. Kc4 Rc8+ 44. Rc5 Ra8 45. Rc7+
Kf8 46. Kb5 Ke8 47. Kb6 Rd8 48. Kxa5 Rd2 49. Kxb4 Rxf2 50. a5 Rf1 51. Rc4 Kd7
52. a6 Ra1 53. Kb5 e4 54. Rd4+ Kc7 55. Rxe4 1-0

[Event "POHÁR města Říčany 2023"]
[Site "Městské kulturní středisko U labutě"]
[Date "2023.08.27"]
[Round "3.16"]
[White "Stanek, Ondrej"]
[Black "Stufka, Karel"]
[Result "1-0"]
[WhiteElo "2065"]
[BlackElo "1730"]
[WhiteFideId "364240"]
[BlackFideId "303127"]
[PlyCount "0"]
[EventDate "2023.08.26"]

1. e4 e5 2. Nf3 Nc6 3. Bb5 Nf6 4. d3 d6 5. c3 Bd7 6. O-O Be7 7. Nbd2 O-O 8. Re1
Re8 9. Nf1 h6 10. Ng3 a6 11. Ba4 b5 12. Bc2 Bf8 13. a4 Ne7 14. h3 Ng6 15. d4 c5
16. Be3 Be6 17. d5 Bd7 18. Qd2 Kh7 19. Ra2 Qc7 20. Rea1 Qb7 21. Qe2 Reb8 22. Nd2
bxa4 23. Nc4 Bb5 24. Bxa4 Nd7 25. Nf5 Bxc4 26. Qxc4 Nb6 27. Qb3 Nxa4 28. Qxa4
Rc8 29. Qc4 Rcb8 30. Bc1 Nf4 31. Rxa6 g6 32. Ne3 Rxa6 33. Rxa6 Ra8 34. Rxa8 Qxa8
35. Nc2 Qc8 36. b4 Nxh3+ 37. gxh3 Qxh3 38. Ne3 g5 39. Qf1 Qf3 40. Qd1 Qxe4
41. Qc2 Qxc2 42. Nxc2 1-0

[Event "POHÁR města Říčany 2023"]
[Site "Městské kulturní středisko U labutě"]
[Date "2023.08.27"]
[Round "3.17"]
[White "Topencik, Bruno"]
[Black "Koper, Stefan"]
[Result "1-0"]
[WhiteElo "1897"]
[BlackElo "1720"]
[WhiteFideId "23716550"]
[BlackFideId "306606"]
[PlyCount "0"]
[EventDate "2023.08.26"]

1. e4 d6 2. d4 g6 3. Nc3 Bg7 4. Be3 Nc6 5. Qd2 e5 6. d5 Nce7 7. Bb5+ Bd7
8. Bxd7+ Qxd7 9. f3 f5 10. Nge2 f4 11. Bf2 g5 12. O-O-O b5 13. g3 b4 14. Nb1 Qa4
15. Qd3 a6 16. Qb3 Qb5 17. Qd3 Nf6 18. gxf4 gxf4 19. Rhg1 Ng6 20. Qxb5+ axb5
21. a3 bxa3 22. Nxa3 Rb8 23. b4 Nh5 24. Nc3 Bf6 25. Kd2 Kd7 26. Ncxb5 Rhg8
27. c4 Bh4 28. Ke2 Bxf2 29. Kxf2 Ra8 30. Ra1 Ra4 31. Nc2 Rxa1 32. Rxa1 Rb8
33. Ra7 Rc8 34. c5 Kd8 35. cxd6 cxd6 36. Rxh7 Rc4 37. Rxh5 1-0

[Event "POHÁR města Říčany 2023"]
[Site "Městské kulturní středisko U labutě"]
[Date "2023.08.27"]
[Round "3.18"]
[White "Stork, Rostislav"]
[Black "Skala, Jaromir"]
[Result "1/2-1/2"]
[WhiteElo "1723"]
[BlackElo "1895"]
[WhiteFideId "354988"]
[BlackFideId "325805"]
[PlyCount "0"]
[EventDate "2023.08.26"]

1. e4 e5 2. Nf3 Nc6 3. Nc3 Nf6 4. Bb5 Nd4 5. Nxd4 exd4 6. e5 dxc3 7. exf6 Qxf6
8. dxc3 Qe5+ 9. Qe2 Qxe2+ 10. Bxe2 g6 11. O-O 1/2-1/2

[Event "POHÁR města Říčany 2023"]
[Site "Městské kulturní středisko U labutě"]
[Date "2023.08.27"]
[Round "3.19"]
[White "Konvalinka, Vladislav"]
[Black "Salac, Jiri"]
[Result "1/2-1/2"]
[WhiteElo "1705"]
[BlackElo "1885"]
[WhiteFideId "342955"]
[BlackFideId "303992"]
[PlyCount "0"]
[EventDate "2023.08.26"]

1. d4 d5 2. c4 c6 3. Nf3 Nf6 4. Nbd2 h6 5. g3 Bf5 6. Bg2 e6 7. Qb3 Qb6 8. c5
Qc7 9. Ne5 b6 10. Qc3 bxc5 11. dxc5 Nfd7 12. Nxd7 Nxd7 13. b4 a5 14. a3 Be7
15. Bb2 Bf6 16. Qc1 axb4 17. axb4 O-O 18. O-O Qb7 19. e4 Bg6 20. Rb1 Bxb2
21. Rxb2 Ra4 22. exd5 exd5 23. b5 Bd3 24. Bxd5 1/2-1/2

[Event "POHÁR města Říčany 2023"]
[Site "Městské kulturní středisko U labutě"]
[Date "2023.08.27"]
[Round "3.20"]
[White "Skokan, Frantisek"]
[Black "Verner, Matej"]
[Result "1-0"]
[WhiteElo "1881"]
[BlackElo "1698"]
[WhiteFideId "327492"]
[BlackFideId "23729236"]
[PlyCount "0"]
[EventDate "2023.08.26"]

1. d4 d5 2. Nf3 c5 3. c3 Nc6 4. Bf4 cxd4 5. cxd4 Qb6 6. Qd2 Nf6 7. e3 Bf5
8. Nc3 e6 9. a3 Be7 10. Rc1 O-O 11. Be2 Rfc8 12. O-O Na5 13. Na4 Qd8 14. Bc7
Rxc7 15. Qxa5 b6 16. Qa6 Rac8 17. Rxc7 Rxc7 18. Ne5 Nd7 19. Nxd7 Qxd7 20. Nc3
Qc8 21. Rc1 Bf6 22. f4 g5 23. g3 Qf8 24. Kh1 Qg7 25. Rf1 Qg6 26. Qb5 Kg7 27. Rf2
h5 28. Bf3 g4 29. Bg2 h4 30. Kg1 Be7 31. e4 dxe4 32. Qe5+ Bf6 33. Qxc7 Bxd4
34. Qd8 e5 35. fxe5 Bxe5 36. Qd5 f6 37. Bxe4 1-0

[Event "POHÁR města Říčany 2023"]
[Site "Městské kulturní středisko U labutě"]
[Date "2023.08.27"]
[Round "3.21"]
[White "Migalko, Dmitriy"]
[Black "Cervenka, Petr"]
[Result "1-0"]
[WhiteElo "1670"]
[BlackElo "1869"]
[WhiteFideId "34147489"]
[BlackFideId "312444"]
[PlyCount "0"]
[EventDate "2023.08.26"]

1. e4 e6 2. d4 d5 3. exd5 exd5 4. c4 c6 5. Nc3 Bf5 6. cxd5 cxd5 7. Qb3 Nc6
8. Qxb7 Nxd4 9. Bb5+ Nxb5 10. Qxb5+ Bd7 11. Qxd5 Nf6 12. Qe5+ Be7 13. Nge2 O-O
14. O-O Ng4 15. Qd5 Rc8 16. Bf4 Bc5 17. h3 Nf6 18. Qd3 Qb6 19. b3 Rfd8 20. Qg3
Nh5 21. Qg5 Nf6 22. Rac1 h6 23. Qg3 Nh5 24. Qf3 Qg6 25. Nd5 Kh8 26. Bc7 Ba3
27. Bxd8 Bxc1 28. Ne7 Qg5 29. Nxc8 Qxd8 30. Rxc1 1-0

[Event "POHÁR města Říčany 2023"]
[Site "Městské kulturní středisko U labutě"]
[Date "2023.08.27"]
[Round "3.22"]
[White "Slivova, Linda"]
[Black "Siles, Jan"]
[Result "0-1"]
[WhiteElo "1586"]
[BlackElo "1869"]
[WhiteFideId "23709294"]
[BlackFideId "23715405"]
[PlyCount "0"]
[EventDate "2023.08.26"]

1. d4 d5 2. Bf4 Nf6 3. Nf3 c5 4. e3 Nc6 5. c3 Qb6 6. Qc1 g6 7. Bd3 Bg7 8. Nbd2
O-O 9. Ne5 Nd7 10. Ndf3 Ndxe5 11. Nxe5 Nxe5 12. Bxe5 Bxe5 13. dxe5 Be6 14. O-O
Rfd8 15. Kh1 d4 16. exd4 cxd4 17. c4 Rac8 18. b3 Qc6 19. Qb2 Qd7 20. Rad1 b5
21. cxb5 Rc3 22. Qe2 Bf5 23. Bxf5 Qxf5 24. Rc1 Rdc8 25. Rxc3 Rxc3 26. h3 Rc2
27. Qf3 Qxe5 28. Qd3 Rc3 29. Qd2 Qxb5 30. Rd1 e5 31. f4 f6 32. fxe5 fxe5 33. Qg5
Qd5 34. Re1 Rxh3+ 35. Kg1 Rh5 36. Qe7 Rf5 37. Qxa7 e4 38. Rc1 Rf7 39. Rc8+ Kg7
40. Rc7 Rxc7 41. Qxc7+ Kf6 42. Qf4+ Ke6 43. Qc7 d3 44. Qc8+ Ke5 45. Qh8+ Kf5
46. Qc8+ Kg5 47. Qh3 d2 48. Qe3+ Kf5 49. Qh3+ Ke5 0-1

[Event "POHÁR města Říčany 2023"]
[Site "Městské kulturní středisko U labutě"]
[Date "2023.08.27"]
[Round "3.23"]
[White "Svetly, Jiri"]
[Black "Mydlar, Matej"]
[Result "0-1"]
[WhiteElo "1850"]
[BlackElo "1668"]
[WhiteFideId "316032"]
[BlackFideId "23735074"]
[PlyCount "0"]
[EventDate "2023.08.26"]

1. d4 Nf6 2. c4 e6 3. Nc3 Bb4 4. Qc2 c5 5. dxc5 O-O 6. a3 Bxc5 7. e3 d5 8. Nf3
b6 9. b4 Be7 10. Bd3 dxc4 11. Bxc4 Bb7 12. Bb2 Nbd7 13. Rd1 a6 14. O-O Qc7
15. Qe2 Rfd8 16. h3 Bxf3 17. gxf3 Ne5 18. Bb3 Qc6 19. Kg2 Ng6 20. Kg1 Nh4 21. e4
Nh5 22. f4 Nxf4 23. Qg4 Nhg6 24. Rc1 Qb7 25. Bc2 h5 26. Qf3 Rac8 27. Ne2 Nxe2+
28. Qxe2 Bg5 29. Qxh5 Bxc1 30. Rxc1 Rd2 0-1

[Event "POHÁR města Říčany 2023"]
[Site "Městské kulturní středisko U labutě"]
[Date "2023.08.27"]
[Round "3.24"]
[White "Kammova, Katerina"]
[Black "Blazek, Miroslav"]
[Result "0-1"]
[WhiteElo "1487"]
[BlackElo "1849"]
[WhiteFideId "23737336"]
[BlackFideId "335215"]
[PlyCount "0"]
[EventDate "2023.08.26"]

1. e4 e6 2. d4 d5 3. exd5 exd5 4. c4 Bb4+ 5. Nc3 Nf6 6. Bd3 O-O 7. Ne2 Bg4
8. O-O c6 9. f3 dxc4 10. Bxc4 Bf5 11. Bg5 Nbd7 12. Rc1 h6 13. Bh4 Nb6 14. Bb3
Qd6 15. Ng3 Bg6 16. Nge4 Nxe4 17. Nxe4 Qf4 18. Bg3 Qf5 19. Bh4 Nd5 20. Bf2 Rad8
21. a3 Ba5 22. Qc2 Rfe8 23. Kh1 Qh5 24. Bg1 Kh8 25. Ba2 Bc7 26. Rfe1 Nf4
27. Rcd1 Nh3 28. g4 Qa5 29. Qc3 Nxg1 30. Kxg1 Qb6 31. Kg2 Bf4 32. d5 cxd5
33. Bxd5 f5 34. gxf5 Bxf5 35. Kh1 Be5 36. Qc2 Rc8 37. Qg2 Rc7 38. Nc3 Rce7
39. Be4 Bxe4 0-1

[Event "POHÁR města Říčany 2023"]
[Site "Městské kulturní středisko U labutě"]
[Date "2023.08.27"]
[Round "3.25"]
[White "Vavrinec, Tomas"]
[Black "Vit, Zdenek"]
[Result "1-0"]
[WhiteElo "1847"]
[BlackElo "1654"]
[WhiteFideId "318353"]
[BlackFideId "23706830"]
[PlyCount "0"]
[EventDate "2023.08.26"]

1. Nf3 Nf6 2. c4 c5 3. g3 Nc6 4. Nc3 g6 5. Bg2 Bg7 6. O-O O-O 7. d4 cxd4
8. Nxd4 Nxd4 9. Qxd4 d6 10. Qd3 a6 11. Bd2 Rb8 12. Rac1 Be6 13. b3 Qd7 14. Rfd1
Rfd8 15. e4 Ng4 16. Qe2 Ne5 17. Nd5 Qe8 18. Bg5 Nc6 19. Be3 Bxd5 20. cxd5 Ne5
21. Bh3 Qb5 22. Qxb5 axb5 23. Rc7 1-0

[Event "POHÁR města Říčany 2023"]
[Site "Městské kulturní středisko U labutě"]
[Date "2023.08.27"]
[Round "3.26"]
[White "Kovar, Jan"]
[Black "Svadlenka, Michal"]
[Result "1/2-1/2"]
[WhiteElo "1810"]
[BlackElo "1556"]
[WhiteFideId "354015"]
[BlackFideId "23717068"]
[PlyCount "0"]
[EventDate "2023.08.26"]

1. e4 c5 2. Nf3 d6 3. Bb5+ Nc6 4. O-O Bd7 5. Re1 g6 6. c3 Bg7 7. d4 cxd4
8. cxd4 Nf6 9. Nc3 a6 10. Bf1 O-O 11. h3 Rc8 12. Bg5 h6 13. Be3 e6 14. Qd2 Kh7
15. Rad1 Ne7 16. Bd3 Bc6 17. Bb1 b5 18. b4 a5 19. a3 axb4 20. axb4 Qc7 21. Qe2
Qb7 22. Bf4 Rfd8 23. Bd3 Rb8 24. Ra1 Nh5 25. Be3 f5 26. Bd2 fxe4 27. Bxe4 Bxe4
28. Qxe4 Qxe4 29. Nxe4 Nc6 30. Bc3 Nf4 31. Ra6 Rbc8 32. Rb6 Nd5 33. Rxb5 Nxc3
34. Nxc3 Nxd4 35. Nxd4 Bxd4 36. Rb7+ Kg8 37. Nb5 Be5 38. f4 Rb8 39. Rxb8 Rxb8
40. fxe5 Rxb5 41. exd6 Kf7 42. Rd1 Ke8 43. d7+ Kd8 44. Rd6 Rxb4 45. Rxe6 Kxd7
46. Rxg6 h5 47. Rg5 h4 48. Re5 Kd6 49. Re8 Rf4 50. Re3 Kd5 51. Ra3 Kd4 52. Ra4+
Ke3 53. Rxf4 Kxf4 54. Kf2 Ke4 55. Ke2 1/2-1/2

[Event "POHÁR města Říčany 2023"]
[Site "Městské kulturní středisko U labutě"]
[Date "2023.08.27"]
[Round "3.27"]
[White "Cermak, Filip"]
[Black "Jirousek, Tadeas"]
[Result "1-0"]
[WhiteElo "1403"]
[BlackElo "1791"]
[WhiteFideId "23739096"]
[BlackFideId "382353"]
[PlyCount "0"]
[EventDate "2023.08.26"]

1. c4 g6 2. d4 Bg7 3. e4 d6 4. Nf3 c5 5. d5 b5 6. Nbd2 Nd7 7. cxb5 a6 8. a4
Ngf6 9. Bd3 O-O 10. O-O axb5 11. Bxb5 Ba6 12. Bxa6 Rxa6 13. Ra2 Qa5 14. Re1 Nb6
15. b3 Rb8 16. Bb2 Nbd7 17. Nc4 Qc7 18. e5 dxe5 19. Nfxe5 Re8 20. Qd3 Qb7
21. Nc6 Nxd5 22. Qxd5 Qxc6 23. Qxc6 Rxc6 24. Bxg7 Kxg7 25. Rae2 e6 26. Ne5 Nxe5
27. Rxe5 Rb8 28. R1e3 c4 29. bxc4 Rxc4 30. g3 Rxa4 31. Rc5 Rb7 32. Kg2 Ra2
33. Rf3 h6 34. h4 f5 35. Rc6 e5 36. h5 Rbb2 37. Rxg6+ Kh7 38. Rxf5 e4 39. Rf7+
Kh8 40. Re6 Kg8 41. Rf4 Rb5 42. g4 1-0

[Event "POHÁR města Říčany 2023"]
[Site "Městské kulturní středisko U labutě"]
[Date "2023.08.27"]
[Round "3.28"]
[White "Sedlak, Milan"]
[Black "Svadlenka, Dominik"]
[Result "0-1"]
[WhiteElo "1785"]
[BlackElo "1515"]
[WhiteFideId "23746149"]
[BlackFideId "23716258"]
[PlyCount "0"]
[EventDate "2023.08.26"]

1. Nf3 Nf6 2. c4 e6 3. g3 d5 4. Bg2 Be7 5. O-O O-O 6. b3 b6 7. Bb2 Bb7 8. d4
Nbd7 9. Nc3 c5 10. e3 Rc8 11. cxd5 Nxd5 12. Rc1 cxd4 13. exd4 N7f6 14. Re1 Nxc3
15. Rxc3 Rxc3 16. Bxc3 Nd5 17. Qd2 a5 18. Rd1 Qa8 19. Ba1 Nb4 20. Ne1 Rc8
21. Bf1 Bd5 22. Rb1 h6 23. a3 Be4 24. Rc1 Nd5 25. Bb2 Bg5 26. f4 Be7 27. Bd3
Bxd3 28. Nxd3 Qb7 0-1

[Event "POHÁR města Říčany 2023"]
[Site "Městské kulturní středisko U labutě"]
[Date "2023.08.27"]
[Round "3.29"]
[White "Studzinski, David"]
[Black "Zemen, Pavel"]
[Result "0-1"]
[WhiteElo "1262"]
[BlackElo "1785"]
[WhiteFideId "376027"]
[BlackFideId "387410"]
[PlyCount "0"]
[EventDate "2023.08.26"]

1. e4 e6 2. Nc3 d5 3. exd5 exd5 4. d4 c6 5. Nf3 Bd6 6. g3 Ne7 7. Bg2 O-O 8. O-O
Nd7 9. Re1 h6 10. a3 Nf6 11. Ne5 Bf5 12. Ne2 Ng6 13. Nf4 Ne7 14. c3 Nd7 15. Nf3
Ng6 16. Nxg6 Bxg6 17. Nh4 Bh7 18. Nf3 Qc7 19. Be3 f5 20. Qc1 Rf6 21. Bf4 g5
22. Bxd6 Qxd6 23. Ne5 f4 24. Bh3 Bf5 25. Bxf5 Rxf5 26. g4 Rf6 27. f3 Re8
28. Nxd7 Qxd7 29. Qd2 Rfe6 30. Kf2 Re3 31. Qc2 Qe6 32. Qd2 Re7 33. Qd1 h5 34. h3
hxg4 35. hxg4 Rh7 36. Rh1 Re2+ 37. Kf1 Qe3 0-1

[Event "POHÁR města Říčany 2023"]
[Site "Městské kulturní středisko U labutě"]
[Date "2023.08.27"]
[Round "3.30"]
[White "Petrun, Milan"]
[Black "Meca, Viktor ml."]
[Result "0-1"]
[WhiteElo "1784"]
[BlackElo "1421"]
[WhiteFideId "332267"]
[BlackFideId "23739800"]
[PlyCount "0"]
[EventDate "2023.08.26"]

1. e4 c5 2. Nf3 d6 3. d4 cxd4 4. Qxd4 Nc6 5. Bb5 Bd7 6. Bxc6 bxc6 7. O-O Qb6
8. Qd3 Qc7 9. c4 e5 10. Nc3 Be7 11. h3 Nf6 12. b3 O-O 13. Ba3 c5 14. Bc1 h6
15. Nh2 Rfd8 16. f4 exf4 17. Bxf4 Bc6 18. Qe3 Nh5 19. Bxh6 gxh6 20. Qxh6 Ng7
21. Rf4 d5 22. Rg4 Qe5 23. exd5 Qxc3 24. Re1 Qf6 25. Qe3 Bd6 26. dxc6 Qe5
27. Qxe5 Bxe5 28. Nf3 Bf6 29. Rf4 Bd4+ 30. Nxd4 Rxd4 31. Rxd4 cxd4 32. b4 Ne6
33. a4 Re8 34. b5 Kf8 35. c5 Ke7 36. Kf1 Kd8 37. Ke2 Kc8 38. Kd3 Rd8 39. Kc4 d3
40. a5 Rd4+ 41. Kc3 Rd5 42. Kd2 Nxc5 43. g4 Nb3+ 0-1